Continuous quality improvement through post-occupancy evaluation feedback (Record no. 72007)

MARC details
000 -LEADER
fixed length control field 01584cam a2200229 4500
001 - CONTROL NUMBER
control field ABS66388
008 - FIXED-LENGTH DATA ELEMENTS--GENERAL INFORMATION
fixed length control field 030130n2003 000 0 eng u
035 ## - SYSTEM CONTROL NUMBER
System control number (Sirsi) u121180
100 ## - MAIN ENTRY--PERSONAL NAME
Personal name Preiser, F.E.
245 ## - TITLE STATEMENT
Title Continuous quality improvement through post-occupancy evaluation feedback
260 ## - PUBLICATION, DISTRIBUTION, ETC.
Date of publication, distribution, etc. 2003
490 ## - SERIES STATEMENT
Series statement Journal of Corporate Real Estate
Volume/sequential designation 5(1) 2002, 42-56(14)
520 ## - SUMMARY, ETC.
Summary, etc. Over the past 30 years, both the governmental and private sectors have made use of a feedback mechanism, which helps improve the quality of environments: post-occupancy evaluation (POE) or a similar systematic process, which gauge the satisfaction with, and importance of, the designed and built environment. How does this process work, what kind of input does it require? What value, if any, does it add to the core business of an organisation? When should it be carried out, and how should the resulting data be used in enhancing the quality of existing and future buildings? Who should commission POEs and who should be in charge of developing databases, which can be used for benchmarking and the development of building performance criteria for future projects? What is the cost of these POEs in relationship to the benefits to be derived? All of these questions are addressed in this paper. [Taken from journal headnote].
590 ## - LOCAL NOTE (RLIN)
Local note ABS
650 ## - SUBJECT ADDED ENTRY--TOPICAL TERM
Topical term or geographic name entry element BUILDING PERFORMANCE
650 ## - SUBJECT ADDED ENTRY--TOPICAL TERM
Topical term or geographic name entry element OFFICE ENVIRONMENTS
650 ## - SUBJECT ADDED ENTRY--TOPICAL TERM
Topical term or geographic name entry element PRODUCTIVITY
650 ## - SUBJECT ADDED ENTRY--TOPICAL TERM
Topical term or geographic name entry element POST OCCUPANCY EVALUATION
650 ## - SUBJECT ADDED ENTRY--TOPICAL TERM
Topical term or geographic name entry element BENCHMARKING
690 ## - LOCAL SUBJECT ADDED ENTRY--TOPICAL TERM (OCLC, RLIN)
Topical term or geographic name as entry element PROPERTY MANAGEMENT-COMMERCIAL PROPERTY
942 ## - ADDED ENTRY ELEMENTS (KOHA)
Suppress in OPAC 0
Holdings
Withdrawn status Lost status Source of classification or shelving scheme Damaged status Not for loan Home library Current library Shelving location Date acquired Total Checkouts Full call number Barcode Date last seen Copy number Price effective from Koha item type
    Dewey Decimal Classification     London London Journal article 30/01/2003   ABS66388 121180-1001 06/08/2019 1 06/08/2019 Journal article